<?xml version="1.0" encoding="UTF-8"?>
<record
    xmlns:xsi="http://www.w3.org/2001/XMLSchema-instance"
    xsi:schemaLocation="http://www.loc.gov/MARC21/slim http://www.loc.gov/standards/marcxml/schema/MARC21slim.xsd"
    xmlns="http://www.loc.gov/MARC21/slim">

  <leader>02060    a2200205   4500</leader>
  <controlfield tag="001">32569</controlfield>
  <controlfield tag="005">20260407155623.0</controlfield>
  <controlfield tag="008">260407a1964    arg                 spa d</controlfield>
  <controlfield tag="003">AR-UNSa-BCEJYS</controlfield>
  <datafield tag="040" ind1=" " ind2=" ">
    <subfield code="a">AR-UNSa-BCEJYS</subfield>
    <subfield code="b">spa</subfield>
    <subfield code="c">AR-UNSa-BCEJYS</subfield>
  </datafield>
  <datafield tag="080" ind1=" " ind2=" ">
    <subfield code="a">330.8</subfield>
    <subfield code="x">Historia de las teor&#xED;as, Doctrinas, Dogmas econ&#xF3;micos (pensamiento econ&#xF3;mico)</subfield>
  </datafield>
  <datafield tag="245" ind1="1" ind2="0">
    <subfield code="a">Sistemas Econ&#xF3;micos</subfield>
  </datafield>
  <datafield tag="264" ind1=" " ind2="1">
    <subfield code="a">Madrid :</subfield>
    <subfield code="b">Ediciones Rialp</subfield>
    <subfield code="c">1964</subfield>
  </datafield>
  <datafield tag="300" ind1=" " ind2=" ">
    <subfield code="a">450 p.</subfield>
    <subfield code="c">23 cm.</subfield>
  </datafield>
  <datafield tag="505" ind1=" " ind2=" ">
    <subfield code="a">Parte I: La econom&#xED;a social: 1. An&#xE1;lisis econ&#xF3;mico comparado  &#x2013; 2. La econom&#xED;a social &#x2013; 3. La econom&#xED;a de mercado libre &#x2013; Parte II: El capitalismo: 4. La econom&#xED;a capitalista &#x2013; 5. El capitalismo y la distribuci&#xF3;n de la renta &#x2013; 6. El capitalismo y la productividad &#x2013; 7. El capitalismo y el monopolio &#x2013; 8. El capitalismo y el paro &#x2013; 9. El capitalismo y el pleno empleo &#x2013; Parte III: La econom&#xED;a marxista: 10. La econom&#xED;a marxista: Rasgos generales &#x2013; 11. La econom&#xED;a marxista: la teor&#xED;a de la plusval&#xED;a &#x2013; 12. La econom&#xED;a marxista: la teor&#xED;a del beneficio &#x2013; 13. La econom&#xED;a marxista: crisis, colapso y socialismo &#x2013; Parte IV: La teor&#xED;a econ&#xF3;mica del socialismo liberal: 14. La econom&#xED;a social y sus problemas &#x2013; 15. El socialismo liberal y la distribuci&#xF3;n de los factores &#x2013; 16. Esquema de una econom&#xED;a socialista liberal &#x2013; 17. Reivindicaciones del socialismo liberal &#x2013; Parte V: Los problemas econ&#xF3;micos de la planificaci&#xF3;n central: 18. El socialismo autoritario y la planificaci&#xF3;n central &#x2013; 19. La econom&#xED;a de direcci&#xF3;n de la Rusia Sovi&#xE9;tica &#x2013; 20. El capitalismo autoritario: Alemania 1933-1945 &#x2013; Parte VI: Entre libertad y planificaci&#xF3;n central: 21. La econom&#xED;a de mercado y el estado de bienestar &#x2013; 22. Los sistemas econ&#xF3;micos y los pa&#xED;ses subdesarrollados &#x2013; 23. Los sistemas econ&#xF3;micos y el comercio internacional &#x2013; 24. La agenda del gobierno en una econom&#xED;a de mercado -  </subfield>
  </datafield>
  <datafield tag="942" ind1=" " ind2=" ">
    <subfield code="c">BK</subfield>
  </datafield>
  <datafield tag="590" ind1=" " ind2=" ">
    <subfield code="a">niveau_biblio:m niveau_hierar:0</subfield>
  </datafield>
  <datafield tag="100" ind1="1" ind2=" ">
    <subfield code="a">Garc&#xED;a de Diego, Luis</subfield>
  </datafield>
  <datafield tag="700" ind1="1" ind2=" ">
    <subfield code="a">Halm, Geroge Nikolaus</subfield>
  </datafield>
  <datafield tag="999" ind1=" " ind2=" ">
    <subfield code="c">2295</subfield>
    <subfield code="d">2295</subfield>
  </datafield>
  <datafield tag="952" ind1=" " ind2=" ">
    <subfield code="0">0</subfield>
    <subfield code="1">0</subfield>
    <subfield code="4">0</subfield>
    <subfield code="7">0</subfield>
    <subfield code="a">BCEJYS</subfield>
    <subfield code="b">BCEJYS</subfield>
    <subfield code="c">16</subfield>
    <subfield code="d">2026-04-07</subfield>
    <subfield code="l">0</subfield>
    <subfield code="o">330.8 H194</subfield>
    <subfield code="p">L53246</subfield>
    <subfield code="r">2026-04-07 15:56:23</subfield>
    <subfield code="w">2026-04-07</subfield>
    <subfield code="y">L</subfield>
  </datafield>
  <datafield tag="952" ind1=" " ind2=" ">
    <subfield code="0">0</subfield>
    <subfield code="1">0</subfield>
    <subfield code="4">0</subfield>
    <subfield code="7">0</subfield>
    <subfield code="a">BCEJYS</subfield>
    <subfield code="b">BCEJYS</subfield>
    <subfield code="c">16</subfield>
    <subfield code="d">2026-04-07</subfield>
    <subfield code="l">0</subfield>
    <subfield code="o">330.8 H194</subfield>
    <subfield code="p">L53245</subfield>
    <subfield code="r">2026-04-07 15:56:23</subfield>
    <subfield code="w">2026-04-07</subfield>
    <subfield code="y">L</subfield>
  </datafield>
  <datafield tag="952" ind1=" " ind2=" ">
    <subfield code="0">0</subfield>
    <subfield code="1">0</subfield>
    <subfield code="4">0</subfield>
    <subfield code="7">0</subfield>
    <subfield code="a">BCEJYS</subfield>
    <subfield code="b">BCEJYS</subfield>
    <subfield code="c">16</subfield>
    <subfield code="d">2026-04-07</subfield>
    <subfield code="l">0</subfield>
    <subfield code="o">330.8 H194</subfield>
    <subfield code="p">L53244</subfield>
    <subfield code="r">2026-04-07 15:56:23</subfield>
    <subfield code="w">2026-04-07</subfield>
    <subfield code="y">L</subfield>
  </datafield>
  <datafield tag="952" ind1=" " ind2=" ">
    <subfield code="0">0</subfield>
    <subfield code="1">0</subfield>
    <subfield code="4">0</subfield>
    <subfield code="7">0</subfield>
    <subfield code="a">BCEJYS</subfield>
    <subfield code="b">BCEJYS</subfield>
    <subfield code="c">16</subfield>
    <subfield code="d">2026-04-07</subfield>
    <subfield code="l">0</subfield>
    <subfield code="o">330.8 H194</subfield>
    <subfield code="p">L24657</subfield>
    <subfield code="r">2026-04-07 15:56:23</subfield>
    <subfield code="w">2026-04-07</subfield>
    <subfield code="y">L</subfield>
  </datafield>
</record>
